=LDR 00000nam 2200000 4500 =001 INLIS000000000036637 =005 20130612142419 =008 ***********************************Ind** =035 ##$$0010-061300000036637 =041 ##$$a Ind =082 ##$$a 641.5 =090 ##$$a 641.5, Hus p =100 ##$$a husni, Albertin =245 ##$$a Pao mini ala taiwan goreng maupun kuus, Albertin Hoesni ; editor, Intarina Hardiman =260 ##$$a 2011 $b Jakarta =300 ##$$a 56 hlm, ilus, 22 cm =650 ##$$a Masakan resep =850 ##$$a NBPNMAT =990 ##$$a 0001/BPAP-NTB/20142015 =990 ##$$a 0001/BPAP-NTB/2015 =990 ##$$a 01000100 =990 ##$$a 01201900100 =990 ##$$a 0001/BPAP-NTB/20142015 =990 ##$$a 0001/BPAP-NTB/2015